| 000 | 01286cam a22003254a 4500 | ||
|---|---|---|---|
| 001 | 4048134 | ||
| 005 | 20221031133415.0 | ||
| 008 | 990209s1999 nyua b 001 0 eng | ||
| 010 | _a 99019910 | ||
| 020 | _a0231108427 (cloth : alk. paper) | ||
| 020 | _a0231108435 (pbk.) | ||
| 040 |
_aDLC _cDLC _dDLC |
||
| 042 | _apcc | ||
| 043 | _aa-ja--- | ||
| 050 | 0 | 0 |
_aJQ1631 _b.C87 1999 |
| 082 | 0 | 0 |
_a320.95209049 _bCUR |
| 100 | 1 |
_aCurtis, Gerald L. _9101999 |
|
| 245 | 1 | 4 |
_aThe logic of Japanese politics : _bleaders, institutions, and the limits of change / _cGerald L. Curtis. |
| 260 |
_aNew York : _bColumbia University Press, _cc1999. |
||
| 300 |
_axi, 303 p. : _bill. ; _c23 cm. |
||
| 440 | 0 |
_aStudies of the East Asian Institute _9101899 |
|
| 504 | _aIncludes bibliographical references and index. | ||
| 650 | 0 |
_aPolitical culture _zJapan. _9102000 |
|
| 651 | 0 |
_aJapan _xPolitics and government _y1989- _9102001 |
|
| 856 | 4 | 2 |
_3Book review (H-Net) _uhttp://www.h-net.org/review/hrev-a0b8m7-aa |
| 906 |
_a7 _bcbc _corignew _d1 _eocip _f19 _gy-gencatlg |
||
| 942 |
_2ddc _cBK |
||
| 999 |
_c592157 _d592157 |
||